000 00424pam a2200157a 44500
008 230515b2002 xxu||||| |||| 00| 0 eng d
020 _a81-7808-138-5
041 _aENGL
082 _a05.7585 SUN.
100 _a"SUNDERRMAN R.,"
245 _aORACLE 8TM PROGRAMMING: A PRIMER
250 _a0
260 _aNEW YORK
_bADDISON- WESLEY
_c2002
300 _aNULL
650 _a"COMPUTER PROGRAMMING,ORACLE COMPUTER,DADA BASE"
999 _c535046
_d535046